Economie politique du communisme

Sparad:
Bibliografiska uppgifter
Huvudupphovsman: Roumiantsev, Alexei
Materialtyp: Bok
Språk:Undetermined
Publicerad: Moscou Editions du Progres 1969
Ämnen:
Taggar: Lägg till en tagg
Inga taggar, Lägg till första taggen!
Thư viện lưu trữ: Trung tâm Học liệu Trường Đại học Cần Thơ
LEADER 00491nam a2200181Ia 4500
001 CTU_80426
008 210402s9999 xx 000 0 und d
082 |a 335.4 
082 |b R859 
100 |a Roumiantsev, Alexei 
245 0 |a Economie politique du communisme 
245 0 |c Alexei Roumiantsev 
260 |a Moscou 
260 |b Editions du Progres 
260 |c 1969 
650 |a Marxian economics 
904 |i Trọng Hải 
980 |a Trung tâm Học liệu Trường Đại học Cần Thơ